Famous Philosophers Quiz Stats

 Plays Quiz Updated Feb 4, 2019

Support Sporcle.
Go Orange.
Score 0/16 Timer 05:00
0 Plays Today
Title of Work Philosopher % Correct
The PhaedrusPlato
84.7%
Nichomachean EthicsAristotle
77.9%
Two Treatises of GovernmentJohn Locke
65.8%
Critique of Pure ReasonImmanuel Kant
61%
Thus Spake ZarathustraFriedrich Nietzsche
56.9%
The Social ContractJean-Jacques Rousseau
50.7%
Meditations on First PhilosophyRené Descartes
46%
An Enquiry Concerning Human UnderstandingDavid Hume
41.8%
Title of Work Philosopher % Correct
ConfessionsAugustine
38.6%
Phenomenology of SpiritGeorg Wilhelm Friedrich Hegel
28.4%
Fear and TremblingSøren Kierkegaard
25.9%
Being and TimeMartin Heidegger
24.4%
Tractatus Logico-PhilosophicusLudwig Wittgenstein
22.9%
A Theory of JusticeJohn Rawls
18.8%
Of GrammatologyJacques Derrida
13.8%
Practical EthicsPeter Singer
11.6%

From the Vault

Famous Faces (Badly Drawn) III

by lt2009

We think some of these drawings actually look a little better than their real-life counterparts.
Remove Ads.
Support Sporcle.
Get the best of Sporcle when you Go Orange. This ad-free experience offers more features, more stats, and more fun while also helping to support Sporcle. Thank you for becoming a member.

Show Comments

Extras

Top Quizzes Today


Score Distribution

Your Account Isn't Verified!

In order to create a playlist on Sporcle, you need to verify the email address you used during registration. Go to your Sporcle Settings to finish the process.

Report this User

Report this user for behavior that violates our Community Guidelines.

Details: